Ethnobotany

Bibliographic Details
Main Authors: Young, Kim J. (Author), Hopkins, William G. (Author)
Format: Book
Language:English
Published: New York : Chelsea House , c2007
Series:The green world
Subjects:

MARC

LEADER 00000cam a2200000 7i4500
001 0000059521
005 20090208093000.0
008 081023s2007 nyu eng
020 |a 0791089630 
020 |a 9780791089637 
090 0 0 |a GN476.73   |b .Y68 2007 
100 1 |a Young, Kim J. ,   |e author 
245 1 0 |a Ethnobotany   |c Kim J. Young ; [series editor, William G. Hopkins] 
260 |a New York :   |b Chelsea House ,   |c c2007 
300 |a viii, 112 p. :   |b ill. (chiefly col.) ;   |c 25 cm. 
440 4 |a The green world 
504 |a Includes bibliographical references (p. 103-106) and index 
505 0 |a What is ethnobotany -- The classification of plants -- The emergence of agriculture -- Plants as medicine -- The relationship between Native North Americans and plants -- How plants create cultures -- The rainforests of the world -- Ethnobotany and conservation 
650 0 |a Ethnobotany   |v Juvenile literature 
650 0 |a Human-plant relationships   |v Juvenile literature 
700 1 |a Hopkins, William G. ,   |e author 
999 |a 1000121821   |b Book   |c OPEN SHELF (30 DAYS)   |e Medical Campus 
999 |a 1000138998   |b Electronic Resource   |c OPEN SHELF (30 DAYS)   |e Gong Badak Campus